000 00564nam a2200181Ia 4500
008 100917s9999 xx 000 0 und d
082 _b48671
100 _aभागवत भा. रा.
245 _aघडयाळाचे गुपीत
260 _bइंद्रायणी साहित्य
_c1980
300 _a148
365 _b8
520 _aबालविभाग
630 _aघडयाळाचे गुपीत
650 _aबालविभाग
730 _aघडयाळाचे गुपीत
942 _cBOOK
999 _c654065
_d654062